Cancionero de Garci Sánchez de Badajoz / (Record no. 184954)

MARC details
000 -LEADER
campo de control de longitud fija 01258nam a2200313 i 4500
001 - NÚMERO DE CONTROL
campo de control 184954
003 - IDENTIFICADOR DE NÚMERO DE CONTROL
campo de control SpMaBN
005 - FECHA Y HORA DE LA ÚLTIMA TRANSACCIÓN
campo de control 20250725232725.0
008 - DATOS DE LONGITUD FIJA--INFORMACIÓN GENERAL
campo de control de longitud fija 160225s1980 sp |||| |b
020 ## - NÚMERO INTERNACIONAL ESTÁNDAR DEL LIBRO
Número Internacional Estándar del Libro 84-276-0511-0
080 ## - NÚMERO DE LA CLASIFICACIÓN DECIMAL UNIVERSAL
Número de la Clasificación Decimal Universal 821.134.2 Sánchez de Badajoz, G.1.07
080 ## - NÚMERO DE LA CLASIFICACIÓN DECIMAL UNIVERSAL
Número de la Clasificación Decimal Universal 821.134.2-14"14/15"
100 1# - ENTRADA PRINCIPAL--NOMBRE DE PERSONA
Nombre de persona Sánchez de Badajoz, Garci.
9 (RLIN) 158870
245 10 - MENCIÓN DEL TÍTULO
Título Cancionero de Garci Sánchez de Badajoz /
Mención de responsabilidad, etc. edición preparada por Julia Castillo.
260 ## - PUBLICACIÓN, DISTRIBUCIÓN, ETC.
Lugar de publicación, distribución, etc. Madrid :
Nombre del editor, distribuidor, etc. Editora Nacional,
Fecha de publicación, distribución, etc. [1980]
300 ## - DESCRIPCIÓN FÍSICA
Extensión 459 p., [2] h. ;
Dimensiones 18 cm.
490 1# - MENCIÓN DE SERIE
Mención de serie Biblioteca de la literatura y el pensamiento hispánicos ;
Designación de volumen o secuencia 43
500 ## - NOTA GENERAL
Nota general Índice.
504 ## - NOTA DE BIBLIOGRAFÍA, ETC.
Nota de bibliografía, etc. Bibliografía: p. 439-453.
505 8# - NOTA DE CONTENIDO CON FORMATO
Nota de contenido con formato Contiene: ;
Título Sobre la desproporción y la muerte ;
-- Biografía /
Mención de responsabilidad Julia Castillo. --
Título [Selva de epictetos]
650 #7 - PUNTO DE ACCESO ADICIONAL DE MATERIA--TÉRMINO DE MATERIA
Término de materia o nombre geográfico como elemento de entrada Poesías españolas-
Subdivisión cronológica Hasta S.XV.
9 (RLIN) 152332
650 #4 - PUNTO DE ACCESO ADICIONAL DE MATERIA--TÉRMINO DE MATERIA
Término de materia o nombre geográfico como elemento de entrada Poesías españolas-
Subdivisión cronológica S.XVI-XVII
9 (RLIN) 16219
700 0# - ENTRADA AGREGADA--NOMBRE PERSONAL
Nombre de persona Castillo, Julia,
Fechas asociadas al nombre 1956-
9 (RLIN) 36704
740 02 - ENTRADA AGREGADA--TÍTULO RELACIONADO/ANALÍTICO NO CONTROLADO
Título relacionado o analítico no controlado Sobre la desproporción y la muerte.
740 12 - ENTRADA AGREGADA--TÍTULO RELACIONADO/ANALÍTICO NO CONTROLADO
Título relacionado o analítico no controlado [Selva de epictetos]
830 0# - PUNTO DE ACCESO ADICIONAL DE SERIE-TÍTULO UNIFORME
Título uniforme Biblioteca de la literatura y el pensamiento hispánicos ;
Designación de volumen o secuencia 43
9 (RLIN) 180925
852 ## - LOCALIZACIÓN
Ubicación ES-MaACL
Número de control de estantería L-30226
Nota libre . - Donat. Miguel A. Velasco
Holdings
Estatus retirado Estado de pérdida Estado de daño No para préstamo Biblioteca de origen Biblioteca actual Ubicación en estantería Fecha de adquisición Fuente de adquisición Total de préstamos Signatura topográfica completa Código de barras Visto por última vez Precio de reemplazo Tipo de ítem Koha
        Biblioteca del Ateneo de Madrid Biblioteca del Ateneo de Madrid Depósito 2 25/02/2016     L-30226 1194801 23/02/2023 23/02/2023 Libro impreso